[Event "HUN-chT2 Toth 1718"]
[Site "Hungary"]
[Date "2018.01.28"]
[Round "7.3"]
[White "Horvath, Jozsef2222"]
[Black "Kemeny, Csaba"]
[Result "1/2-1/2"]
[WhiteElo "2083"]
[BlackElo "2040"]
[PlyCount "88"]
[EventDate "2017.09.24"]
[EventType "team-tourn"]
[EventRounds "11"]
[EventCountry "HUN"]
[SourceTitle "EXT 2021"]
[Source "ChessBase"]
[SourceDate "2020.10.23"]
[SourceVersion "1"]
[SourceVersionDate "2020.10.23"]
[SourceQuality "1"]
[WhiteTeam "Kecskemet Takisz"]
[BlackTeam "Felegyhaza Csongrad"]
[WhiteTeamCountry "HUN"]
[BlackTeamCountry "HUN"]

1. c4 e6 2. g3 d5 3. Bg2 Nf6 4. b3 Be7 5. Nf3 0-0 6. Bb2 b6 7. 0-0 Bb7 8. Qc2 c5 9. Ng5 Nbd7 10. Nc3 h6 11. cxd5 exd5 12. Nh3 Rb8 13. e3 d4 14. exd4 cxd4 15. Ne2 Ba6 16. d3 Ne5 17. Rad1 Bc5 18. a3 Rc8 19. Qb1 b5 20. b4 Bb6 21. Qa1 Nc6 22. Bxc6 Rxc6 23. Nxd4 Bxd4 24. Bxd4 Qd7 25. Nf4 Rd8 26. Bc5 Nd5 27. Ng2 Bb7 28. Qd4 a6 29. Rfe1 Re6 30. Rxe6 Qxe6 31. Re1 Qh3 32. f3 Qf5 33. Nh4 Qd7 34. Qe5 Nf6 35. Re3 Re8 36. Qf4 Nd5 37. Rxe8+ Qxe8 38. Qd2 Qe5 39. Ng2 Qa1+ 40. Qe1 Qxa3 41. Qe8+ Kh7 42. Qe4+ Kg8 43. Qe8+ Kh7 44. Qe4+ Kg8 1/2-1/2

[Event "HUN-chT2 Toth 1617"]
[Site "Hungary"]
[Date "2016.10.30"]
[Round "3.2"]
[White "Kemeny, Csaba"]
[Black "Tamas, Kornel"]
[Result "1-0"]
[WhiteElo "2084"]
[BlackElo "1995"]
[PlyCount "69"]
[EventDate "2016.09.25"]
[EventType "team-tourn"]
[EventRounds "11"]
[EventCountry "HUN"]
[SourceTitle "EXT 2021"]
[Source "ChessBase"]
[SourceDate "2020.10.23"]
[SourceVersion "1"]
[SourceVersionDate "2020.10.23"]
[SourceQuality "1"]
[WhiteTeam "Felegyhaza Csongrad"]
[BlackTeam "Gyula"]
[WhiteTeamCountry "HUN"]
[BlackTeamCountry "HUN"]

1. d4 d5 2. f4 g6 3. Nf3 Bg7 4. e3 Nd7 5. Bd3 Ngf6 6. Nbd2 0-0 7. 0-0 b6 8. Ne5 Bb7 9. Qf3 c5 10. c3 Qc7 11. g4 h6 12. h4 h5 13. g5 Nxe5 14. fxe5 Ng4 15. Qg3 Rad8 16. Nf3 Bc8 17. Bd2 Be6 18. Ne1 Qd7 19. Ng2 Qc6 20. Nf4 Bc8 21. Qg2 a6 22. Bc4 Bb7 23. Be2 Bc8 24. Bf3 Be6 25. Nxe6 Qxe6 26. Bxg4 Qxg4 27. Qxg4 hxg4 28. Rf4 f6 29. exf6 exf6 30. gxf6 Rxf6 31. Raf1 Rdf8 32. dxc5 bxc5 33. Kg2 Rxf4 34. Rxf4 Rxf4 35. exf4 1-0

[Event "HUN-chT2 Toth 1516"]
[Site "Hungary"]
[Date "2015.12.06"]
[Round "6.1"]
[White "Szilassi, Abel"]
[Black "Kemeny, Csaba"]
[Result "1/2-1/2"]
[WhiteElo "2026"]
[BlackElo "2127"]
[PlyCount "61"]
[EventDate "2015.09.13"]
[EventType "team-tourn"]
[EventRounds "11"]
[EventCountry "HUN"]
[SourceTitle "CBM 170 Extra"]
[Source "ChessBase"]
[SourceDate "2016.02.25"]
[SourceVersion "1"]
[SourceVersionDate "2016.02.25"]
[SourceQuality "1"]
[WhiteTeam "Maroczy II"]
[BlackTeam "Felegyhaza Csongrad"]
[WhiteTeamCountry "HUN"]
[BlackTeamCountry "HUN"]

1. e4 c5 2. Nf3 Nc6 3. d4 cxd4 4. Nxd4 g6 5. Be3 Bg7 6. Nc3 Nf6 7. Bc4 0-0 8. f3 Qb6 9. Qd2 Nxe4 10. Nxc6 Nxd2 11. Nxe7+ Kh8 12. Bxb6 Nxc4 13. Bf2 Nxb2 14. Ned5 b6 15. Rb1 Nc4 16. Rb4 Nd6 17. 0-0 Bb7 18. Bd4 Rac8 19. Bxg7+ Kxg7 20. Rd1 Bxd5 21. Nxd5 Rxc2 22. Nxb6 axb6 23. Rxd6 Rxa2 24. Rxd7 Rc8 25. h3 Rcc2 26. Rf4 Rxg2+ 27. Kf1 Rgf2+ 28. Kg1 Rg2+ 29. Kf1 Rgf2+ 30. Kg1 Rg2+ 31. Kf1 1/2-1/2

[Event "HUN-chT2 Toth 1516"]
[Site "Hungary"]
[Date "2015.09.13"]
[Round "1.1"]
[White "Egyed, Gabor"]
[Black "Kemeny, Csaba"]
[Result "1/2-1/2"]
[WhiteElo "2105"]
[BlackElo "2127"]
[PlyCount "127"]
[EventDate "2015.09.13"]
[EventType "team-tourn"]
[EventRounds "11"]
[EventCountry "HUN"]
[SourceTitle "CBM 170 Extra"]
[Source "ChessBase"]
[SourceDate "2016.02.25"]
[SourceVersion "1"]
[SourceVersionDate "2016.02.25"]
[SourceQuality "1"]
[WhiteTeam "Karcag"]
[BlackTeam "Felegyhaza Csongrad"]
[WhiteTeamCountry "HUN"]
[BlackTeamCountry "HUN"]

1. e4 c5 2. Nf3 Nc6 3. Nc3 g6 4. d4 cxd4 5. Nxd4 Bg7 6. Be3 Nf6 7. Be2 0-0 8. h4 d5 9. Nxc6 bxc6 10. e5 Ne4 11. Qd4 Be6 12. Nxe4 dxe4 13. Qxe4 Qa5+ 14. Bd2 Qxe5 15. Qxe5 Bxe5 16. 0-0-0 Bxa2 17. b3 a5 18. Rh3 a4 19. Bc3 Bf4+ 20. Kb2 axb3 21. cxb3 Bxb3 22. Kxb3 Rfb8+ 23. Kc4 Ra4+ 24. Kd3 Rd8+ 25. Kc2 Ra2+ 26. Bb2 Rxd1 27. Bxd1 Be5 28. Rb3 Bxb2 29. Rxb2 Ra4 30. g3 c5 31. Kc3 Rd4 32. Rd2 Re4 33. Rd5 Re1 34. Kd2 Re6 35. Rxc5 Rd6+ 36. Ke2 Kg7 37. Bb3 Rb6 38. Bc4 Kf6 39. Ke3 Rd6 40. Bd3 h5 41. f3 Rb6 42. Be4 Rb2 43. Rc6+ Kg7 44. Kf4 Rg2 45. Rc5 Rg1 46. Rg5 Kf6 47. Ke3 e6 48. Kd4 Kg7 49. g4 hxg4 50. Rxg4 Rxg4 51. fxg4 f5 52. g5 fxe4 53. Kxe4 Kf7 54. Kd4 Ke8 55. Kc5 Kd7 56. Kd4 Kd6 57. Ke4 Kd7 58. Kd4 Kd6 59. Ke4 e5 60. Kd3 Kd5 61. Ke3 e4 62. Ke2 Ke5 63. Ke3 Kf5 64. h5 1/2-1/2

[Event "HUN-chT2 Toth 1516"]
[Site "Hungary"]
[Date "2015.09.13"]
[Round "1.1"]
[White "Kemeny, Csaba"]
[Black "Czegledi, Zsolt"]
[Result "1/2-1/2"]
[WhiteElo "2127"]
[BlackElo "2127"]
[PlyCount "22"]
[EventDate "2015.09.13"]
[EventType "team-tourn"]
[EventRounds "11"]
[EventCountry "HUN"]
[SourceTitle "EXT 2017"]
[Source "ChessBase"]
[SourceDate "2016.10.25"]
[SourceVersion "1"]
[SourceVersionDate "2016.10.25"]
[SourceQuality "1"]
[WhiteTeam "Felegyhaza Csongrad"]
[BlackTeam "Toth Laszlo II"]
[WhiteTeamCountry "HUN"]
[BlackTeamCountry "HUN"]

1. d4 Nf6 2. Nf3 d5 3. Bf4 c6 4. c3 Bf5 5. e3 h6 6. Bd3 Bxd3 7. Qxd3 e6 8. Nbd2 Nbd7 9. e4 dxe4 10. Nxe4 Nxe4 11. Qxe4 Nf6 1/2-1/2

[Event "HUN-chT2 Toth 1415"]
[Site "Hungary"]
[Date "2015.02.08"]
[Round "8.2"]
[White "Kemeny, Csaba"]
[Black "Muhari, Istvan"]
[Result "1/2-1/2"]
[WhiteElo "2101"]
[BlackElo "2246"]
[PlyCount "49"]
[EventDate "2014.09.07"]
[EventType "team-tourn"]
[EventRounds "11"]
[EventCountry "HUN"]
[SourceTitle "EXT 2016"]
[Source "ChessBase"]
[SourceDate "2015.10.08"]
[SourceVersion "1"]
[SourceVersionDate "2015.10.08"]
[SourceQuality "1"]
[WhiteTeam "Felegyhaza Csongrad"]
[BlackTeam "Ujszasz"]
[WhiteTeamCountry "HUN"]
[BlackTeamCountry "HUN"]

1. d4 d5 2. f4 Nf6 3. Nf3 Bf5 4. e3 e6 5. Bd3 Bxd3 6. Qxd3 Nbd7 7. Nbd2 c5 8. c3 cxd4 9. exd4 Bd6 10. Ne5 Qb6 11. Qe2 0-0 12. 0-0 Rfe8 13. Kh1 Nf8 14. g4 N6d7 15. g5 Qc7 16. Qh5 Ng6 17. Ndf3 Ndf8 18. Be3 Bxe5 19. Nxe5 Nxe5 20. fxe5 Ng6 21. Rf3 Qc4 22. Rh3 Nf8 23. Kg1 Rac8 24. Rf1 Rc7 25. a3 1/2-1/2

[Event "HUN-chT2 Toth 1415"]
[Site "Hungary"]
[Date "2015.01.25"]
[Round "7"]
[White "Kemeny, Csaba"]
[Black "Mozes, Ervin"]
[Result "0-1"]
[WhiteElo "2101"]
[BlackElo "2208"]
[PlyCount "96"]
[EventDate "2014.09.07"]
[EventType "team-tourn"]
[EventRounds "11"]
[EventCountry "HUN"]
[SourceTitle "EXT 2016"]
[Source "ChessBase"]
[SourceDate "2015.10.08"]
[SourceVersion "1"]
[SourceVersionDate "2015.10.08"]
[SourceQuality "1"]
[WhiteTeam "Felegyhaza Csongrad"]
[BlackTeam "Karcag"]
[WhiteTeamCountry "HUN"]
[BlackTeamCountry "HUN"]

1. d4 d6 2. f4 Nf6 3. Nf3 c6 4. e3 Nbd7 5. Bd3 e5 6. fxe5 dxe5 7. dxe5 Nxe5 8. Nxe5 Qa5+ 9. Nd2 Qxe5 10. Nf3 Qc7 11. 0-0 Bd6 12. Qe1 Ng4 13. Qh4 Be7 14. Qe1 Bd6 15. Qh4 Qe7 16. Qxe7+ Kxe7 17. h3 Ne5 18. Bd2 f6 19. Bc3 Nxf3+ 20. Rxf3 Be6 21. Re1 a5 22. a4 b6 23. e4 Raf8 24. Kh1 Be5 25. Be2 Rd8 26. Bxe5 fxe5 27. Rd3 Rxd3 28. Bxd3 Rd8 29. Re3 Rd4 30. b3 Rb4 31. Be2 b5 32. axb5 cxb5 33. Kg1 a4 34. bxa4 bxa4 35. Kf2 Bd7 36. Kf3 Bc6 37. c4 Kd6 38. Rc3 Kc5 39. Ke3 Rb3 40. Rxb3 axb3 41. Kd3 b2 42. Kc2 Bxe4+ 43. Kxb2 Bxg2 44. h4 Kd4 45. Kc2 e4 46. Kd2 e3+ 47. Ke1 Bh3 48. Kd1 Be6 0-1

[Event "HUN-chT2 Toth 1314"]
[Site "Hungary"]
[Date "2013.11.03"]
[Round "4.2"]
[White "Kemeny, Csaba"]
[Black "Olah, Gabor Mihaly"]
[Result "1/2-1/2"]
[WhiteElo "2108"]
[BlackElo "2011"]
[PlyCount "95"]
[EventDate "2013.09.08"]
[EventType "team-tourn"]
[EventRounds "11"]
[EventCountry "HUN"]
[SourceTitle "EXT 2016"]
[Source "ChessBase"]
[SourceDate "2015.10.08"]
[SourceVersion "1"]
[SourceVersionDate "2015.10.08"]
[SourceQuality "1"]
[WhiteTeam "Csongrad Felegyhaza"]
[BlackTeam "Bekes"]
[WhiteTeamCountry "HUN"]
[BlackTeamCountry "HUN"]

1. d4 d5 2. f4 Nf6 3. Nf3 g6 4. e3 Bg7 5. Bd3 0-0 6. Nbd2 c6 7. c3 Bf5 8. Qc2 e6 9. 0-0 Ng4 10. Re1 Bxd3 11. Qxd3 f5 12. Ne5 Nf6 13. c4 Nbd7 14. c5 Ne4 15. b4 a6 16. a4 Nxe5 17. fxe5 h5 18. Rf1 Kh7 19. Nxe4 fxe4 20. Qe2 Qd7 21. Bd2 Rxf1+ 22. Rxf1 Rf8 23. Be1 Qe8 24. Bh4 Rxf1+ 25. Qxf1 Qf8 26. Qe2 Bh6 27. Bf6 Bg7 28. Bxg7 Kxg7 29. Qe1 Qe7 30. Qg3 Qd8 31. Qf4 g5 32. Qf1 Qf8 33. Qe2 Kg6 34. b5 axb5 35. axb5 Qa8 36. Qf1 Qd8 37. bxc6 bxc6 38. h3 Qe7 39. Qa6 Qe8 40. Qb7 g4 41. hxg4 hxg4 42. Kf2 Qf8+ 43. Kg3 Qh6 44. Qxc6 Qxe3+ 45. Kxg4 Qg5+ 46. Kh3 Qh5+ 47. Kg3 Qg5+ 48. Kh3 1/2-1/2

[Event "HUN-chT2 Toth 1314"]
[Site "Hungary"]
[Date "2013.10.20"]
[Round "3.2"]
[White "Zalai, Mihaly"]
[Black "Kemeny, Csaba"]
[Result "1-0"]
[WhiteElo "2152"]
[BlackElo "2108"]
[PlyCount "107"]
[EventDate "2013.09.08"]
[EventType "team-tourn"]
[EventRounds "11"]
[EventCountry "HUN"]
[SourceTitle "EXT 2016"]
[Source "ChessBase"]
[SourceDate "2015.10.08"]
[SourceVersion "1"]
[SourceVersionDate "2015.10.08"]
[SourceQuality "1"]
[WhiteTeam "Oroshaza"]
[BlackTeam "Csongrad Felegyhaza"]
[WhiteTeamCountry "HUN"]
[BlackTeamCountry "HUN"]

1. d4 d5 2. Bg5 Nf6 3. e3 e6 4. c4 c6 5. Nc3 Be7 6. Nf3 0-0 7. Rc1 Nbd7 8. Bd3 dxc4 9. Bxc4 c5 10. 0-0 b6 11. Qb3 Bb7 12. Rfd1 Ne4 13. Bf4 Nxc3 14. bxc3 Qc8 15. a4 Nf6 16. Bg5 Qc7 17. Ne5 Nd5 18. Bxe7 Qxe7 19. dxc5 bxc5 20. e4 Nf6 21. Nd7 Bxe4 22. Nxf8 Rxf8 23. f3 Bc6 24. Qc2 Nd5 25. Bxd5 exd5 26. Re1 Qd7 27. Qf2 Qd6 28. Qg3 Qd7 29. Qf2 Qd6 30. Qh4 d4 31. cxd4 cxd4 32. Red1 Bxa4 33. Qxd4 Qxd4+ 34. Rxd4 Bb5 35. Rcd1 g6 36. Kf2 Kg7 37. Rd8 Rxd8 38. Rxd8 a6 39. Ke3 h5 40. Ke4 Bc4 41. Ke5 Bb3 42. Ra8 Bc4 43. f4 Bd3 44. g3 f6+ 45. Ke6 Bc4+ 46. Ke7 g5 47. Rf8 gxf4 48. gxf4 a5 49. Rxf6 a4 50. Rf5 Kg6 51. Ra5 Bb3 52. f5+ Kg5 53. f6+ Kg6 54. Rxa4 1-0

[Event "HUN-chT2 Toth 1314"]
[Site "Hungary"]
[Date "2013.09.08"]
[Round "1.2"]
[White "Kemeny, Csaba"]
[Black "Bodrogi, Laszlo"]
[Result "1/2-1/2"]
[WhiteElo "2108"]
[BlackElo "2022"]
[PlyCount "65"]
[EventDate "2013.09.08"]
[EventType "team-tourn"]
[EventRounds "11"]
[EventCountry "HUN"]
[SourceTitle "EXT 2016"]
[Source "ChessBase"]
[SourceDate "2015.10.08"]
[SourceVersion "1"]
[SourceVersionDate "2015.10.08"]
[SourceQuality "1"]
[WhiteTeam "Csongrad Felegyhaza"]
[BlackTeam "Abony"]
[WhiteTeamCountry "HUN"]
[BlackTeamCountry "HUN"]

1. d4 e6 2. f4 Nf6 3. Nf3 c5 4. e3 b6 5. Bd3 Bb7 6. 0-0 Be7 7. Nbd2 0-0 8. c3 d6 9. Qe2 Nbd7 10. e4 Qc7 11. e5 Nd5 12. Ne4 cxd4 13. cxd4 Nb4 14. Bd2 Nxd3 15. Qxd3 f5 16. Neg5 Bd5 17. Rac1 Qb7 18. Bb4 Rfc8 19. Bxd6 Bxd6 20. exd6 h6 21. Nh3 Bxf3 22. Qxf3 Qxf3 23. gxf3 Nf6 24. Rfe1 Kf7 25. Nf2 Nd5 26. Nd3 Rxc1 27. Rxc1 Ke8 28. Rc6 Kd8 29. Ne5 Rc8 30. Nf7+ Kd7 31. Ne5+ Kd8 32. Nf7+ Kd7 33. Ne5+ 1/2-1/2

[Event "HUN-chT2 Toth 1112"]
[Site "Hungary"]
[Date "2012.05.20"]
[Round "11.5"]
[White "Visnyei, Illes"]
[Black "Kemeny, Csaba"]
[Result "0-1"]
[WhiteElo "2063"]
[BlackElo "2047"]
[PlyCount "122"]
[EventDate "2011.09.25"]
[EventType "team-tourn"]
[EventRounds "11"]
[EventCountry "HUN"]
[SourceTitle "EXT 2013"]
[Source "ChessBase"]
[SourceDate "2012.11.22"]
[SourceVersion "1"]
[SourceVersionDate "2012.11.22"]
[SourceQuality "1"]
[WhiteTeam "Bekes"]
[BlackTeam "KHTK"]
[WhiteTeamCountry "HUN"]
[BlackTeamCountry "HUN"]

1. e4 c5 2. Nf3 Nc6 3. d4 cxd4 4. Nxd4 g6 5. c3 Bg7 6. Be3 Nf6 7. f3 0-0 8. Bc4 d5 9. Nxc6 bxc6 10. exd5 cxd5 11. Be2 Qa5 12. 0-0 Ba6 13. Nd2 e6 14. Nb3 Bxe2 15. Qxe2 Qc7 16. Bd4 Nd7 17. Bxg7 Kxg7 18. Rad1 Rab8 19. Rd2 Ne5 20. f4 Nc4 21. Rc2 a5 22. Nd4 Kg8 23. b3 Na3 24. Rcc1 Qc5 25. Kh1 Nb5 26. Qe5 Rfc8 27. Ne2 Qd6 28. Qe3 Qc5 29. Qd3 Nd6 30. Ng3 Rc6 31. Rc2 a4 32. Rb1 axb3 33. axb3 Qa3 34. Rcb2 Nc4 35. Rf2 Rxb3 36. Ne2 Rxb1+ 37. Qxb1 Qb2 38. Qe1 Ra6 39. Nc1 Qb1 40. Rf1 Ra1 41. Kg1 Qc2 42. f5 exf5 43. Qe8+ Kg7 44. Ne2 Rxf1+ 45. Kxf1 Nd2+ 46. Ke1 Qe4 47. Qxe4 Nxe4 48. Kd1 Kf6 49. Kc2 Ke5 50. g3 Nf2 51. Kd2 Ke4 52. Nf4 h5 53. Ne2 Ng4 54. h3 Nf2 55. h4 Kf3 56. Nf4 Ne4+ 57. Kd3 Kxg3 58. Nxd5 Kxh4 59. c4 Kg3 60. Nc3 Nxc3 61. Kxc3 h4 0-1

[Event "HUN-chT2 Toth 1112"]
[Site "Hungary"]
[Date "2012.05.06"]
[Round "10.5"]
[White "Kemeny, Csaba"]
[Black "Toth, Daniel"]
[Result "0-1"]
[WhiteElo "2047"]
[BlackElo "2091"]
[PlyCount "44"]
[EventDate "2011.09.25"]
[EventType "team-tourn"]
[EventRounds "11"]
[EventCountry "HUN"]
[SourceTitle "EXT 2013"]
[Source "ChessBase"]
[SourceDate "2012.11.22"]
[SourceVersion "1"]
[SourceVersionDate "2012.11.22"]
[SourceQuality "1"]
[WhiteTeam "KHTK"]
[BlackTeam "Roszke II"]
[WhiteTeamCountry "HUN"]
[BlackTeamCountry "HUN"]

1. d4 d5 2. f4 Nf6 3. Nf3 e6 4. e3 b6 5. Bd3 Bd6 6. 0-0 0-0 7. Nbd2 Ba6 8. Qe2 Bxd3 9. Qxd3 c5 10. Ne5 Nfd7 11. c3 f6 12. Nxd7 Qxd7 13. e4 cxd4 14. cxd4 dxe4 15. Qxe4 Nc6 16. Nf3 Rad8 17. Be3 Rfe8 18. Rfe1 Nb4 19. g3 Rc8 20. Re2 Qb5 21. Rd2 Nc2 22. Rc1 Nxe3 0-1

[Event "Lakitelek Magyarok op"]
[Site "Lakitelek"]
[Date "2011.08.11"]
[Round "7"]
[White "Kemeny, Csaba"]
[Black "Szlabey, Geza"]
[Result "1/2-1/2"]
[WhiteElo "2054"]
[BlackElo "1918"]
[PlyCount "118"]
[EventDate "2011.08.06"]
[EventType "swiss"]
[EventRounds "9"]
[EventCountry "HUN"]
[SourceTitle "CBM 144 Extra"]
[Source "ChessBase"]
[SourceDate "2011.10.28"]
[SourceVersion "1"]
[SourceVersionDate "2011.10.28"]
[SourceQuality "1"]

1. d4 d5 2. f4 e6 3. Nf3 c6 4. e3 f5 5. Bd3 Nf6 6. Ne5 Nbd7 7. 0-0 Be7 8. c4 0-0 9. Nd2 Nxe5 10. fxe5 Ng4 11. Nf3 Nh6 12. Bd2 Bd7 13. c5 g5 14. b4 b5 15. a4 a6 16. Qc2 g4 17. Ne1 Bg5 18. g3 Nf7 19. Ng2 Be7 20. Nf4 Ng5 21. Rf2 Nf3+ 22. Kh1 Bg5 23. Bc3 Bxf4 24. exf4 Be8 25. Qd1 Bg6 26. Rfa2 Rc8 27. Be2 Qe7 28. axb5 axb5 29. Ra6 Qg7 30. Qf1 Rf7 31. R1a2 Rfc7 32. Ra8 Qh6 33. Bxb5 cxb5 34. Qxb5 Qf8 35. Rxc8 Qxc8 36. Qa5 Be8 37. b5 Rxc5 38. dxc5 Qxc5 39. Ra1 Qf2 40. Qa2 Qxa2 41. Rxa2 Bxb5 42. Kg2 d4 43. Bb4 Bc6 44. Kf1 Bd5 45. Rb2 Bc4+ 46. Kg2 Kf7 47. h4 Ke8 48. Ba5 Bd5 49. Kf2 Kd7 50. Rc2 Bc6 51. h5 h6 52. Rb2 Kc8 53. Rb6 Bd5 54. Rd6 Kb7 55. Bb4 Kc7 56. Ba5+ Kb7 57. Bb4 Kc7 58. Ba5+ Kb7 59. Bb4 Kc7 1/2-1/2

[Event "HUN-chT2 Toth 1011"]
[Site "Hungary"]
[Date "2011.04.17"]
[Round "9.5"]
[White "Csikos, Mihaly"]
[Black "Kemeny, Csaba"]
[Result "0-1"]
[WhiteElo "2086"]
[BlackElo "2014"]
[PlyCount "108"]
[EventDate "2010.09.12"]
[EventType "team-tourn"]
[EventRounds "11"]
[EventCountry "HUN"]
[SourceTitle "EXT 2012"]
[Source "ChessBase"]
[SourceDate "2011.11.24"]
[SourceVersion "1"]
[SourceVersionDate "2011.11.24"]
[SourceQuality "1"]
[WhiteTeam "Roszke"]
[BlackTeam "Csongrad Felegyhaza"]
[WhiteTeamCountry "HUN"]
[BlackTeamCountry "HUN"]

1. e4 c5 2. d4 cxd4 3. c3 dxc3 4. Nxc3 Nc6 5. Nf3 g6 6. Bc4 d6 7. 0-0 Bg7 8. Qe2 Nf6 9. h3 0-0 10. Rd1 Bd7 11. Bg5 Qc8 12. Rac1 Be6 13. Nd5 Re8 14. Nxf6+ exf6 15. Bf4 Bxc4 16. Rxc4 f5 17. Bxd6 fxe4 18. Rxe4 Rxe4 19. Qxe4 Bxb2 20. Ng5 Bg7 21. Rd3 Qe8 22. Qf3 h6 23. Re3 Qd7 24. Ne4 f5 25. Qg3 fxe4 26. Qxg6 Rd8 27. Bf4 Qf7 28. Qg3 Kh8 29. Rxe4 Qxa2 30. Qe3 Qb1+ 31. Kh2 Qd3 32. Re8+ Kh7 33. Qe6 Rxe8 34. Qxe8 Qd4 35. Bg3 Qf6 36. Qd7 Qe7 37. Qf5+ Kg8 38. Qc8+ Kh7 39. Qf5+ Kg8 40. Qc8+ Nd8 41. f4 Kh7 42. Bf2 Nc6 43. Qf5+ Kh8 44. Qc8+ Qf8 45. Qxb7 Qxf4+ 46. Bg3 Qe4 47. Qf7 a5 48. Kh1 a4 49. Qa2 Ne5 50. Qa3 Nd3 51. Kh2 Nf4 52. Bxf4 Qxf4+ 53. g3 Qf2+ 54. Kh1 Bd4 0-1

[Event "HUN-chT2 Toth 1011"]
[Site "Hungary"]
[Date "2010.11.21"]
[Round "6.5"]
[White "Kemeny, Csaba"]
[Black "Lorinc, Sandor"]
[Result "0-1"]
[WhiteElo "2014"]
[BlackElo "2153"]
[PlyCount "79"]
[EventDate "2010.09.12"]
[EventType "team-tourn"]
[EventRounds "11"]
[EventCountry "HUN"]
[SourceTitle "EXT 2012"]
[Source "ChessBase"]
[SourceDate "2011.11.24"]
[SourceVersion "1"]
[SourceVersionDate "2011.11.24"]
[SourceQuality "1"]
[WhiteTeam "Csongrad Felegyhaza"]
[BlackTeam "Gyula"]
[WhiteTeamCountry "HUN"]
[BlackTeamCountry "HUN"]

1. d4 Nf6 2. f4 d5 3. Nf3 Bf5 4. e3 e6 5. Bd3 Be7 6. 0-0 Nbd7 7. c3 c6 8. Ne5 Ne4 9. Nxd7 Qxd7 10. Qc2 c5 11. Nd2 Nxd2 12. Bxd2 c4 13. Bxf5 exf5 14. b3 Rc8 15. bxc4 Rxc4 16. Rfb1 0-0 17. Rb3 b5 18. Qb2 a6 19. Re1 Rfc8 20. Qb1 g6 21. Rc1 h5 22. Re1 Qe6 23. Kf2 Kg7 24. Rc1 Bd6 25. Re1 Qe7 26. Kg1 b4 27. cxb4 Rc2 28. Rd1 Qe4 29. a4 Bxb4 30. Rxb4 Rxd2 31. Rxd2 Qxe3+ 32. Rf2 Rc1+ 33. Qxc1 Qxc1+ 34. Rf1 Qe3+ 35. Kh1 Qd2 36. Rfb1 Qxf4 37. Rb6 Qe4 38. h3 f4 39. Kh2 g5 40. Rxa6 0-1